000 01176nam a2200433 a 4500
003 AR-BaBNM
005 20251128205742.0
008 082120s2002 ||||||||||||||000 | spa||
020 _a84-277-0921-8
040 _cAR-BaBNM
100 1 _aGonzález-Simancas, José Luis
245 0 0 _aPedagogía hospitalaria
_bactividades educativas en ambientes clínicos
260 _aMadrid
_bNarcea
_c1990
300 _a215 P.
490 0 _aNarcea Sociocultural
500 _aIndice de nombres: p.209-211
500 _aIndice de temas: p.213-215
650 4 _aPEDAGOGIA
650 4 _aHOSPITALES
650 4 _aENFERMEDADES DE LA INFANCIA
650 4 _aPATOLOGIA
650 4 _aCANCER
650 4 _aDIGNIDAD
650 4 _aAPRENDIZAJE
650 4 _aENSEÑANZA
650 4 _aPEDIATRIA
650 4 _aEDUCACION FAMILIAR
650 4 _aPERSONAL DE SALUD
650 4 _aMEDICINA
650 4 _aSALUD INFANTIL
650 4 _aMEDICINA CLINICA
650 4 _aEDUCACION EXTRAESCOLAR
650 4 _aRELACION ALUMNO-DOCENTE
651 4 _aEspaña
700 1 _aPolaino-Lorente, Aquilino
800 1 _aQuintana Cabanas, José María
942 _cBK
998 _carturo
999 _c12678
_d12678